FNaF World All Playable Characters - Statistics

General Stats
  • This quiz has been taken 187 times
  • The average score is 36 of 49
Answer Stats
Hint Answer % Correct
Back to Basics! Freddy
98%
Jammin! Bonnie
95%
Let's Eat! Chica
95%
Back-In-Order! Foxy
95%
It's me. Golden Freddy
95%
Let's Party! Toy Chica
93%
Still Freddy- but shiny. Toy Freddy
93%
Kids can be so cruel... Mangle
92%
Think outside the box! Marionette/The Puppet
92%
Something New! Toy Bonnie
91%
Everyone's favourite! Balloon Boy/BB
87%
Still Foxy- but more YAAARG! Withered Foxy
86%
Because one wasn't enough! JJ
85%
Look into my eye! Withered Bonnie
85%
What happened to Chica?! Withered Chica
85%
Because look at him! Endo-01
84%
This is why you wake up. Nightmare
84%
Cuter in person; still a killer. Springtrap
83%
Because we needed one more. Withered Freddy
83%
Not as cute, but more useful. Endo-02
81%
Just taking a stroll. Phantom Freddy
77%
Stop calling me a watermelon. Phantom Chica
76%
The more, the merrier. Nightmare Freddy
74%
Because the world needed a plush version. Plushtrap
73%
Where it all started. Fredbear
72%
Getting down to business. Nightmare Fredbear
72%
Making you a sandwich. Nightmare Chica
71%
Out of order since FNaF 1. Nightmare Foxy
71%
Because you can never have too much Foxy. Phantom Foxy
71%
Let's get mean! Nightmare Bonnie
70%
Put it back in the box! Phantom Marionette/Phantom Puppet
69%
I will eat your soul. Shadow Freddy
69%
Because she/he needed to be weirder. Phantom Mangle
67%
I take 10 seconds to draw! Purple Guy
67%
Male? Female? It's a rabbit, who cares. Spring Bonnie
67%
Time for a coffee break! Coffee
66%
Because reasons. Phantom BB
64%
Because character quota. Endoplush
63%
Feeling empty inside. Jack O Chica
60%
Some things can't be made cute. Nightmare BB
60%
I'm taller in person Nightmarionne
60%
Still sad. Crying Child
59%
Not canon, but still here. Jack O Bonnie
59%
Huh? Paperpals
55%
It wasn't meant to last. Funtime Foxy
53%
The one pulling the strings. Animdude/Scott Cawthon
52%
SAY MY NAME! RWQFSFASXC
36%
Blink, and you'll miss him! Virtua Freddy
26%
A chip off the old block. Mr Chipper
23%
No matching quizzes found
Score Distribution
Percent of People with Each Score
Percentile by Number Answered
Your Score History
You have not taken this quiz